000 01403nam2a2200289 4500
001 RU\NLR\bibl\887755
005 20260406145954.0
010 _a5-17-023722-7
_bт. 1
010 _a5-271-09427-8
_bт. 1
_93000
021 _aRU
_b2005-59578
_92924
035 _a(NLR Aleph) 000876282
090 _a1630784
_c1630784
100 _a20051213d2005 |||y0rusy50 ca
101 0 _arus
102 _aRU
105 _aa |||||||||
200 1 _aСказки
_aСтихи
_aАнглийские песенки, прибаутки
_aЧешские песенки, прибаутки
_aПьесы
210 _d2005
_aБ. м.
215 _a350,[1] с., [8] л. цв. ил.
_cил., портр.
461 0 _1001RU\NLR\bibl\905799
_12001#$aСобрание сочинений$vТ. 1
_91737260
_aМаршак, С. Я. (1887-1964)
_cМосква
_d2005
_fС. Маршак
_nАСТ
_oв 4 т. : [для дошкольного возраста]
_tСобрание сочинений
_y5-17-013569-6
_vТ. 1
512 1 _6z20790
_aСказки; Стихи; Английские песенки, прибаутки; Чешские песенки, прибаутки; Пьесы
790 1 _4070
_7ca
_8rus
_aМаршак
_bС. Я.
_f1887-1964
_gСамуил Яковлевич
_9114767
_3RU\NLR\auth\774792
801 0 _aRU
_bNLR
_c20051213
_grcr
801 1 _aRU
_bNLR
_c20051213
942 _cBOOK
980 _aNB